000 00844nam a22001817a 4500
999 _c9434
_d9434
003 AR-CdUCM
008 190328b ||||| |||| 00| 0 spa d
040 _aMUNICIPALIDAD PROVINCIAL DEL CUSCO
_cBIBLIOTECA MUNICIPAL DEL CUSCO
082 _a981 /
_bB81 / 1950
110 _aDivición cultural del ministerio de relaciones exteriores
_925616
245 _aBrasil :
_bAspectos de interés general /
260 _aRio de Janeiro :
_bGráfica Victória,
_c1854
300 _a72 páginas ;
_bilustraciones ;
_c18 cm.
505 _aContenido : Brasil: breve hojeada histórica -- La constitución nacional -- Situación geográfica -- Orografía -- Las grandes altitudes -- Hidrografia -- Vegetación -- Temperatura y lluvias - Clima -- División territorial - División regional ...
650 _aHistoria
_9136
942 _2ddc
_cLIBROS
945 _azta